ห้องสมุด วิทยาลัยพยาบาลบรมราชชนนี อุดรธานี Boromarajonani College of Nursing, Udonthani
mysqli: Table './ulib2015/stat_globaluid' is marked as crashed and last (automatic?) repair failed select id from stat_globaluid where statuid='20260418032416_2167' mysqli: Table './ulib2015/stat_globaluid' is marked as crashed and last (automatic?) repair failed DELETE FROM stat_globaluid
WHERE id NOT IN (
SELECT id
FROM (
SELECT id
FROM stat_globaluid
ORDER BY id DESC
LIMIT 100
) foo
); mysqli: Table './ulib2015/stat_globaluid' is marked as crashed and last (automatic?) repair failed insert into stat_globaluid set
statuid='20260418032416_2167',
dt='1776457456',
phpself='/ULIB/dublinfull.php',
agent='Mozilla/5.0 AppleWebKit/537.36 (KHTML, like Gecko; compatible; ClaudeBot/1.0; +claudebot@anthropic.com)',
yea='2026',
mon='4',
dat='18',
ip='216.73.216.55'
LEADER 00674nam 2200229 a 4500
001 12535
003 ULIBM
008 041011s2539 th m a001 0 tha d
050 4 ^aWX2^bฌ344ร 2539
245 10 ^aรายงานประจำปี 2531-2538 การฌาปนกิจสงเคราะห์ กระทรวงสาธารณสุข/^cฌาปนกิจสงเคราะห์
250 ^aพิมพ์ครั้งที่ 1.
260 ^aกรุงเทพฯ:^bโรงพิมพ์การศาสนา,^c2539
300 ^a 117 หน้า.
650 7 ^aรายงานประจำปี
700 0 ^aการฌาปนกิจสงเคราะห์
945 ^p0^l0^i1545
945 ^p0^l0^i1665
945 ^p0^l0^i1674
945 ^p0^l0^i1677
945 ^p0^l0^i3917
999 ^aลิขิตลักษณ์
คุณยังไม่ได้ล็อกอิน คุณสามารถมีกิจกรรมร่วมกับเว็บไซต์ได้ แต่ต้องล็อกอินก่อน ::
ลำดับที่
ประเภท
เลขเรียก /บาร์โค้ด
สถานที่
สถานะ
1.
หนังสือการพยาบาล WX2 ฌ344ร 2539 Barcode: 1545 หนังสือทั่วไป On Shelf [แสดง 1/1 รายการ]
mysqli: Can't create/write to file '/var/tmp/#sql_59d_0.MAI' (Errcode: 2) select * from index_db where titl like '%รายงานประจำปี 2531-2538 การฌาปนกิจสงเคราะห์ กระทรวงสาธารณสุข/ ฌาปนกิจสงเคราะห์%' and mid<>'12535' order by rand() limit 3 mysqli: Can't create/write to file '/var/tmp/#sql_59d_0.MAI' (Errcode: 2) select * from index_db where subj like '%รายงานประจำปี%' and mid<>'12535' order by rand() limit 3
ยังไม่เคยถูกคอมเมนท์
คอมเมนท์ทรัพยากรรายการนี้
JavaScript must be enabled in order for you to use Google Maps.
However, it seems JavaScript is either disabled or not supported by your browser.
To view Google Maps, enable JavaScript by changing your browser options, and then
try again.